TRANSACTIONS OF THE BRITISH MYCOLOGICAL SOCIETY (Record no. 10829)

MARC details
000 -LEADER
fixed length control field 00463nam a2200157Ia 4500
022 ## - INTERNATIONAL STANDARD SERIAL NUMBER
ISSN 0007-1536
245 #0 - TITLE STATEMENT
Title TRANSACTIONS OF THE BRITISH MYCOLOGICAL SOCIETY
246 ## - VARYING FORM OF TITLE
Title proper/short title Mycological Research
260 ## - PUBLICATION, DISTRIBUTION, ETC. (IMPRINT)
Name of publisher Cambridge University Press, London
Place of publication UK
310 ## - CURRENT PUBLICATION FREQUENCY
Current publication frequency 8/y
500 ## - GENERAL NOTE
General note Ending Volume & Year: 89, 1987
500 ## - GENERAL NOTE
General note Missing Volume: 68(1)
500 ## - GENERAL NOTE
General note Starting Volume & Year: 52, 1969
942 ## - ADDED ENTRY ELEMENTS (KOHA)
Koha item type Bound Journal
Holdings
Withdrawn status Lost status Damaged status Not for loan Home library Current library Date acquired Accession Number Koha item type
      Bound journals RRII Library RRII Library 31/12/2021 10745J Bound Journal